Skills in solution focused brief counselling & psychotherapy (Record no. 481213)

MARC details
000 -LEADER
fixed length control field 01478cam a2200361 a 4500
001 - CONTROL NUMBER
control field EDZ0000083350
003 - CONTROL NUMBER IDENTIFIER
control field StDuBDS
005 - DATE AND TIME OF LATEST TRANSACTION
control field 20161031105202.0
006 - FIXED-LENGTH DATA ELEMENTS--ADDITIONAL MATERIAL CHARACTERISTICS--GENERAL INFORMATION
fixed length control field m||||||||d||||||||
007 - PHYSICAL DESCRIPTION FIXED FIELD--GENERAL INFORMATION
fixed length control field cr |||||||||||
008 - FIXED-LENGTH DATA ELEMENTS--GENERAL INFORMATION
fixed length control field 120427s2011 enk fo| 001|0|eng|d
020 ## - INTERNATIONAL STANDARD BOOK NUMBER
International Standard Book Number 9781446251980 (ebook) :
Terms of availability No price
040 ## - CATALOGING SOURCE
Original cataloging agency StDuBDS
Language of cataloging eng
Transcribing agency StDuBDS
Description conventions pn
049 ## - LOCAL HOLDINGS (OCLC)
Holding library Alfaisal Main Library
050 #0 - LIBRARY OF CONGRESS CALL NUMBER
Classification number RC489.S65
Item number H366 2011
082 04 - DEWEY DECIMAL CLASSIFICATION NUMBER
Classification number 616.8914
Edition number 23
100 1# - MAIN ENTRY--PERSONAL NAME
Personal name Hanton, Paul,
Dates associated with a name 1962-
245 10 - TITLE STATEMENT
Title Skills in solution focused brief counselling & psychotherapy
Medium [electronic resource] /
Statement of responsibility, etc by Paul Hanton.
260 ## - PUBLICATION, DISTRIBUTION, ETC. (IMPRINT)
Place of publication, distribution, etc London :
Name of publisher, distributor, etc SAGE,
Date of publication, distribution, etc 2011.
300 ## - PHYSICAL DESCRIPTION
Extent 1 online resource (viii, 137 p.).
490 1# - SERIES STATEMENT
Series statement Skills in counselling & psychotherapy
520 8# - SUMMARY, ETC.
Summary, etc In recent years, solution-focused brief therapy (SFBT) has emerged as the therapy of choice for many health and social care professionals. This book focuses specifically on SFBT skills and practice, covering key techniques and interventions.
521 ## - TARGET AUDIENCE NOTE
Target audience note Specialized.
588 ## -
-- Description based on print version record.
500 ## - GENERAL NOTE
General note Includes index.
650 #0 - SUBJECT ADDED ENTRY--TOPICAL TERM
Topical term or geographic name as entry element Solution-focused brief therapy.
655 #7 - INDEX TERM--GENRE/FORM
Genre/form data or focus term Electronic books.
Source of term local
710 2# - ADDED ENTRY--CORPORATE NAME
Corporate name or jurisdiction name as entry element Sage eBooks
776 08 - ADDITIONAL PHYSICAL FORM ENTRY
Display text Print version :
International Standard Book Number 9781849206228
830 #0 - SERIES ADDED ENTRY--UNIFORM TITLE
Uniform title Skills in counselling & psychotherapy.
856 40 - ELECTRONIC LOCATION AND ACCESS
Uniform Resource Identifier <a href="http://ezproxy.alfaisal.edu/login?url=http://sk.sagepub.com/books/skills-in-solution-focused-brief">http://ezproxy.alfaisal.edu/login?url=http://sk.sagepub.com/books/skills-in-solution-focused-brief</a>
942 ## - ADDED ENTRY ELEMENTS (KOHA)
Source of classification or shelving scheme Library of Congress Classification
Koha item type eBooks

No items available.

Copyright © 2020 Alfaisal University Library. All Rights Reserved.
Tel: +966 11 2158948 Fax: +966 11 2157910 Email:
librarian@alfaisal.edu